Formula 1 winners at the Australian Grand Prix - Statistics

General Stats
  • This quiz has been taken 66 times
  • The average score is 40 of 84
Answer Stats
Year Answer % Correct
2000 Michael Schumacher
100%
2001 Michael Schumacher
100%
2002 Michael Schumacher
100%
2004 Michael Schumacher
100%
2008 Lewis Hamilton
98%
2015 Lewis Hamilton
98%
2012 Jenson Vettel
97%
2011 Sebastian Vettel
97%
2017 Sebastian Vettel
97%
2018 Sebastian Vettel
97%
1982 Alain Prost
95%
1986 Alain Prost
95%
1988 Alain Prost
95%
1991 Ayrton Senna
95%
1993 Ayrton Senna
95%
1998 Mika Hakkinen
93%
1995 Damon Hill
92%
1996 Damon Hill
92%
1966 Graham Hill
92%
1985 Keke Rosberg
92%
2014 Nico Rosberg
92%
2016 Nico Rosberg
92%
2007 Kimi Raikkonen
90%
2013 Kimi Raikkonen
90%
2006 Fernando Alonso
89%
2009 Jenson Button
89%
2010 Jenson Button
89%
1994 Nigel Mansell
82%
2019 Valterri Bottas
80%
1997 David Coulthard
77%
2003 David Coulthard
77%
1990 Nelson Piquet
75%
1999 Eddie Irvine
62%
1968 Jim Clark
62%
1980 Alan Jones
61%
2005 Giancarlo Fisichella
61%
1959 Stan Jones
61%
1955 Jack Brabham
59%
1963 Jack Brabham
59%
1964 Jack Brabham
59%
1967 Jackie Stewart
59%
1974 Max Stewart
59%
1975 Max Stewart
59%
1987 Gerhard Berger
52%
1992 Gerhard Berger
52%
1962 Bruce McLaren
39%
1956 Stirling Moss
39%
1989 Thierry Boutsen
33%
1969 Chris Amon
16%
1930 Bill Thompson
7%
1932 Bill Thompson
7%
1933 Bill Thompson
7%
1939 Alan Tomlinson
5%
1960 Alec Mildren
5%
1929 Arthur Terdich
5%
1928 Arthur Waite
5%
1931 Carl Junker
5%
1950 Doug Whiteford
5%
1952 Doug Whiteford
5%
1953 Doug Whiteford
5%
1970 Frank Matich
5%
1971 Frank Matich
5%
1972 Graham McRae
5%
1973 Graham McRae
5%
1978 Graham McRae
5%
1981 Roberto Moreno
5%
1983 Roberto Moreno
5%
1984 Roberto Moreno
5%
1977 Warwick Brown
5%
1947 Bill Murray
3%
1957 Bill Patterson
3%
1934 Bob Lea-Wright
3%
1948 Frank Pratt
3%
1949 John Crouch
3%
1976 John Goss
3%
1979 Johnnie Walker
3%
1935 Les Murphy
3%
1937 Les Murphy
3%
1954 Lex Davison
3%
1938 Peter Whitehead
3%
1951 Warwick Pratley
3%
1958 Lex Davidson
2%
1961 Lex Davidson
2%
1965 Bruce McLaren
0%
No matching quizzes found
Score Distribution
Percent of People with Each Score
Percentile by Number Answered
Your Score History
You have not taken this quiz